000 00628nam a2200193Ia 4500
003 GCL
008 140319s9999 xx 000 0 ara d
040 _aGCL /
_cGCL
082 0 4 _a025.1
_bم ا
100 1 _aمحمد محمد الهادى
245 1 0 _aالادارة العلمية للمكتبات ومراكز التوثيق والمعلومات /
_cمحمد محمد الهادى
260 _a[S.N] :
_bالمكتبة الاكاديمية ،
_c1990
300 _a453 ص
490 _a
650 0 4 _aادارة الافراد
650 0 4 _aادارة المكاتب
650 0 4 _aالمكتبات
942 _2ddc
_cBK
999 _c53272
_d53272